000
00285nam a22001337a 4500
003
SGT
082
_a
618.92
_b
I12L
100
_a
LISSUER, TOM
245
_a
ILLUSTRATED TB OF PEDIATRICS
250
_a
4TH
260
_a
EDINBURGH
_b
MOSBY
_c
2012
300
_a
533
942
_2
ddc
_c
BK
_0
1
999
_c
14996
_d
14996